000 00592cam a22002291 4500
001 sa 67005678
003 DLC
005 20260227112359.0
008 890803s1966 ii b 000 0 hino
010 _asa 67005678
035 _a(OCoLC)20122190
040 _aDLC
_cWaU
_dDLC
042 _apremarc
050 0 0 _aPK2098.P7
_bZ73
100 1 _aMisra, Durga Shankar.
245 1 0 _aPrasāda kī kāvya-pratibhā.
260 _c[1966]
300 _a68 (i.e. 168) p.
_c22 cm.
500 _aIn Hindi.
504 _aBibliography: p. [166]-168.
600 1 0 _aPrasad, Jai Shankar,
_d1889-1937.
999 _c75362
_d75362